[Event "Accentus Young Masters 2019"]
[Site "Bad Ragaz"]
[Date "2019.03.04"]
[Round "6.3"]
[White "Albornoz Cabrera, Carlos Daniel"]
[Black "Kurmann, Oliver"]
[Result "1/2-1/2"]
[WhiteElo "2577"]
[BlackElo "2454"]
[Annotator "TA"]
[PlyCount "148"]
[EventDate "2019.02.27"]
[EventType "tourn"]
[EventCountry "SUI"]
[SourceTitle "playchess.com"]
[Source "ChessBase"]
[SourceQuality "1"]

{[%evp 25,148,29,62,2,12,15,20,0,26,-54,-62,-78,-71,-78,-93,-77,-93,-64,-70,-84,-77,-108,-96,-90,-38,-50,-39,-152,-171,-154,-151,-188,-189,-215,-202,-220,-238,-244,-244,-302,-304,-382,-390,-398,-384,-385,-352,-378,-370,-353,-355,-317,-395,-427,-403,-437,-387,-29965,-29966,-29970,-29971,-29966,-29966,-29964,-625,-625,-625,-625,-625,-625,-618,-618,-618,-29984,-29985,-29985,-29984,-29984,-29985,-29985,-625,-625,-625,-625,-625,-625,-625,-625,-625,-625,-625,-625,-625,-625,-625,-625,-625,-625,-625,-625,-625,-625,-625,-625,-625,-625,-625,-625,-625,-625,-625,-625,0,-625,-625,-625,-625,-625,-625,-625,-625,-625,0,-625,0]} 1. Nf3 Nf6 2. c4 c5 3. Nc3 e6 4. g3 b6 5. Bg2 Bb7 6. O-O a6 7. Re1 Be7 8. e4 d6 9. d4 cxd4 10. Nxd4 Qc7 11. Be3 Nbd7 12. f4 Rc8 13. Rc1 O-O 14. b3 {A30: Symmetrical English: Double Fianchetto and Hedgehog} (14. f5 $14) (14. g4 Nc5 15. Bf2 g6 16. Bf3 e5 17. g5 exd4 18. Qxd4 Nfd7 19. Nd5 Bxd5 20. exd5 Rfe8 21. b4 Nb7 22. Bg4 {1-0 (83) Pantsulaia,L (2597)-Karthik,V (2515) Chennai 2019}) 14... Rfe8 $11 15. Qe2 Bf8 16. h3 {The position is equal.} g6 $146 ({Predecessor:} 16... Qb8 17. Kh2 g6 18. Bg1 Bg7 {0-1 (34) Kievelitz,B (2130)-Mattick,L (2285) Seefeld 1997}) 17. f5 (17. g4 $11) 17... exf5 $1 $15 {[%cal Rf6e4]} 18. exf5 Bh6 19. Qf2 Rxe3 20. Rxe3 Bxe3 21. Qxe3 Bxg2 22. Kxg2 d5 $1 23. fxg6 hxg6 24. Nce2 dxc4 (24... Re8 $17 25. cxd5 Qd6) 25. Rxc4 Qb7+ 26. Kh2 (26. Qf3 $15 Qxf3+ 27. Nxf3 Rxc4 28. bxc4) 26... Rxc4 $17 27. bxc4 Qc7 28. Qc3 Ne5 29. Nf4 {[#]} Qc5 $1 {aiming for ...Ne4.} (29... Qxc4 30. Qxc4 Nxc4 31. Kg2 $17) 30. Nfe2 Ne4 ({Don't do} 30... Qxc4 31. Qxc4 Nxc4 32. Nc3 $17) ({Much less strong is} 30... Nxc4 31. Qf3) 31. Qe3 {[#]} Nd6 $1 32. Qf4 {intending Nb3.} Ndxc4 33. g4 Qa3 34. h4 Qxa2 35. h5 Qd2 36. hxg6 Qxf4+ 37. Nxf4 fxg6 $19 {[%mdl 4096] Endgame KNN-KNN} 38. Kg3 Kf7 39. Nd5 g5 40. Nb3 a5 41. Nxb6 $2 (41. Nd4 $19) 41... Nxb6 42. Nxa5 Ke6 43. Nb3 Kd5 44. Nc1 Nbc4 (44... Nbd7 $142 45. Ne2 Nf6 46. Kf2 Nfxg4+ 47. Kg2 Ne3+ 48. Kf2 Nf5 49. Nc3+ Kd4 50. Nb5+ Kd3 51. Nc7 g4 52. Nd5 Kd4 53. Nf6 Nd3+ 54. Kg1 g3 55. Nh5 Ke3 56. Nxg3 Nxg3 57. Kg2 Nf5 58. Kh3 Kf3 59. Kh2 Nf4 60. Kg1 Ke2 61. Kh1 Nh6 62. Kh2 Nf5 63. Kh1 Nd3 64. Kh2 Nf4 65. Kg1 Ne3 66. Kh2 Kf3 67. Kg1 Ke2 68. Kh1 Kf2 69. Kh2 Nf5 70. Kh1 Ne3 71. Kh2 Neg2 72. Kh1 Ng6 73. Kh2 N2f4 74. Kh1 Ne7 75. Kh2 Ned5 76. Kh1 Ne2 77. Kh2 Nef4 78. Kh1 Ne2 79. Kh2 Nef4) 45. Ne2 Nd6 46. Nf4+ Kc4 47. Ne6 Ne4+ 48. Kg2 Kd3 49. Nxg5 Nxg5 50. Kf2 Kd2 51. Kg3 Ng6 52. Kf2 Kd3 (52... Nf4 $142 53. Kg3 Ke3 54. Kh4 Nf3+ 55. Kg3 Ne2+ 56. Kh3 Nf4+ 57. Kg3 Ne2+ 58. Kh3 Kf4 59. Kg2 Ke3 60. Kh3) 53. Ke1 Nf4 54. Kd1 Ne2 55. Ke1 Ke3 56. Kd1 Nd4 57. Kc1 Kd3 58. Kb2 Kc4 59. Ka2 Kc3 60. Ka3 Nb3 61. Ka4 Kc4 62. Ka3 Nc5 63. Kb2 Kd3 64. Kb1 Kc3 {( -> ...Nd3)} 65. Kc1 Nd3+ 66. Kd1 Nf4 67. Kc1 Ne2+ 68. Kd1 Kd3 69. Ke1 Ng3 70. Kd1 N3e4 71. Kc1 Kc3 72. Kd1 Ng3 73. Ke1 Kd3 74. Kd1 Ne2 $2 {Accuracy: White = 26%, Black = 80%.} ({Black should try} 74... Nf1 $19 75. Kc1 Ne3) 1/2-1/2

[Event "Accentus Young Masters 2019"]
[Site "Bad Ragaz"]
[Date "2019.03.04"]
[Round "6.4"]
[White "Petrov, Nikita"]
[Black "Engel, Luis"]
[Result "1/2-1/2"]
[WhiteElo "2585"]
[BlackElo "2469"]
[Annotator "TA"]
[PlyCount "113"]
[EventDate "2019.02.27"]
[EventType "tourn"]
[EventCountry "SUI"]
[SourceTitle "playchess.com"]
[Source "ChessBase"]
[SourceQuality "1"]

{[%evp 22,113,13,13,28,24,28,-13,-1,0,4,4,5,6,10,7,7,6,6,5,50,47,48,49,60,62,115,111,111,111,111,111,113,113,115,90,90,90,138,52,48,48,48,43,105,95,67,10,10,10,17,17,17,0,25,25,40,25,25,8,77,77,115,0,0,0,25,0,0,0,0,0,0,0,8,0,0,0,0,0,0,0,0,0,0,0,0,0,0,0,0,0,0,0]} 1. c4 e6 2. e4 d5 3. exd5 exd5 4. d4 Nf6 5. Nc3 Be7 6. Bd3 dxc4 7. Bxc4 O-O 8. Nge2 Nbd7 9. O-O Nb6 10. Bb3 {C01: French: Exchange Variation} c6 (10... Bg4 11. f3 Bh5 12. Ng3 c5 13. Nxh5 Nxh5 14. dxc5 Bxc5+ 15. Kh1 Nf6 16. Bg5 h6 17. Qxd8 Rfxd8 18. Bxf6 gxf6 {½-½ (50) Rakhmanov,A (2653)-Bacrot,E (2725) Riadh 2017}) 11. Re1 Nbd5 12. Nf4 {LiveBook: 7 Games} Re8 13. Ncxd5 Nxd5 14. Bd2 $146 ({Predecessor:} 14. Bxd5 cxd5 15. Re5 {1-0 (30) Nytrova,A (1843)-Prokopova,J (1626) Zdar nad Sazavou 2008}) 14... Nxf4 15. Bxf4 Bf5 16. d5 Bf6 17. dxc6 Qxd1 18. Rexd1 bxc6 19. Rac1 $36 {[%mdl 2048] White has some pressure.} Bxb2 20. Rxc6 Rac8 21. Rxc8 Rxc8 22. Be3 a6 23. Rd6 Bc1 (23... Ra8 $14) 24. Rxa6 $16 Bxe3 25. fxe3 Be6 26. Bxe6 fxe6 {[%mdl 4096] Endgame KR-KR} 27. Kf2 Kf7 28. Kf3 Kf6 29. a4 Rc2 30. Rb6 (30. Ra8 $16) 30... Ra2 $14 31. Rb4 h5 32. h4 Kf5 (32... g5 $14) 33. Rf4+ Kg6 34. g4 (34. Rc4 $14) 34... hxg4+ $11 35. Rxg4+ Kf6 36. Rf4+ Kg6 $1 37. Rg4+ Kf6 38. Rb4 Kf5 39. Rb5+ e5 40. e4+ Kf6 (40... Kg6 $1 $11) 41. a5 $16 g6 42. Rb6+ (42. Rc5 $16) 42... Kg7 $1 $11 43. a6 {And now Rb7+ would win.} Kh6 44. Ke3 {Re6 is the strong threat.} Kh5 {The position is equal.} 45. Kd3 Kxh4 46. Rxg6 {[#] Hoping for Kc4.} Kh5 47. Re6 Kg5 48. Kc4 Kf4 49. Kb3 Ra1 50. Rc6 Kxe4 51. Rc4+ Kd5 52. Ra4 Rxa4 53. Kxa4 {[#] Threatening mate with a7.} Kc6 54. Kb4 Kb6 55. Kc4 Kxa6 56. Kd5 e4 57. Kxe4 {Precision: White = 49%, Black = 66%.} 1/2-1/2

[Event "Accentus Young Masters 2019"]
[Site "Bad Ragaz"]
[Date "2019.03.04"]
[Round "6.5"]
[White "Stijve, Theo"]
[Black "Horvath, Dominik"]
[Result "1/2-1/2"]
[WhiteElo "2333"]
[BlackElo "2419"]
[Annotator "TA"]
[PlyCount "144"]
[EventDate "2019.02.27"]
[EventType "tourn"]
[EventCountry "SUI"]
[SourceTitle "playchess.com"]
[Source "ChessBase"]
[SourceQuality "1"]

{[%evp 19,144,31,12,0,13,-15,-11,-18,-25,-25,-27,-29,-25,-17,0,-16,-13,-15,70,52,85,76,79,-29,-35,-27,-39,-39,-26,-29,-30,-47,-47,-45,-41,-77,-59,-154,-12,-14,-23,-30,-18,-31,-35,-85,-85,-85,-85,-117,-89,-100,-57,-62,-68,-103,0,-57,-50,-42,-48,-64,-58,-63,-65,-63,-54,-81,-69,-68,-39,-46,-45,-65,-11,-9,-14,-2,-4,-16,0,0,0,0,0,0,0,-32,-6,-15,-6,-6,-6,-6,-6,-6,0,0,0,-1263,-1263,-1183,-939,-504,-6,-16,-16,-16,-6,-6,-6,-6,-6,-6,-6,-16,0,-16,-16,-33,-16,-16,-16,-16,-6,-8,0]} 1. e4 c5 2. Nf3 e6 3. d4 cxd4 4. Nxd4 Nc6 5. Nc3 Qc7 6. Be3 a6 7. Qd2 Nf6 8. O-O-O Bb4 9. f3 Ne5 10. Nb3 b5 11. Qe1 {Strongly threatening Nxb5. B48: Sicilian: Taimanov: 5 Nc3 Qc7 6 Be3 a6 without Be2} (11. Qf2 Be7 12. g4 d6 13. Rg1 Rb8 14. g5 Nfd7 15. f4 b4 16. Ne2 Nc4 17. Ng3 Nxe3 18. Qxe3 Qb6 19. Qxb6 Rxb6 {½-½ (52) Dominguez Perez,L (2732)-Vachier Lagrave,M (2758) Berlin 2015}) 11... Be7 12. Kb1 Bb7 13. Qf2 {[#]} O-O $146 ({Predecessor:} 13... Rc8 14. Bb6 Qb8 15. Nc5 d6 16. Nxb7 Qxb7 17. Bd4 Nc4 18. g4 O-O {½-½ (61) Zubov,A (2490)-Zakhartsov,V (2529) Kharkov 2005}) 14. Bb6 Qb8 15. Bd4 d6 16. h4 Nfd7 17. h5 b4 18. Na4 Bd8 (18... a5 $11) 19. Nb6 $14 Bxb6 20. Bxb6 Bxe4 21. fxe4 (21. Ba5 $1 $16 Bd5 22. h6) 21... Qxb6 $11 ({But not} 21... Nxb6 $6 22. h6 $16) 22. Qxb6 Nxb6 23. Rxd6 Nbc4 24. Bxc4 Nxc4 25. Rd4 Rfc8 26. Rhd1 Kf8 27. R1d3 Rab8 28. c3 {[#]} (28. Nd2 $15 Nxd2+ 29. Rxd2) 28... a5 (28... bxc3 $1 $17 29. bxc3 Rb5 30. Rd8+ Rxd8 31. Rxd8+ Ke7) 29. cxb4 axb4 30. Rd1 Ne3 31. R1d2 Rb5 $36 {[%mdl 2048] White is under pressure.} 32. h6 gxh6 33. Re2 Ng4 34. Nd2 Rbc5 {[%csl Gc8][%cal Rc5c1]} 35. Re1 Ne5 36. Nf3 Nc4 37. Nd2 Ne5 38. Nf3 Nc6 39. Rd7 Ke8 40. Red1 Na5 41. R7d4 Nc4 42. Rh1 e5 43. Rd3 {[#]} f5 $1 {[%mdl 512]} 44. Nd2 (44. exf5 e4) 44... Nxd2+ 45. Rxd2 $15 {[%mdl 4096] Endgame KRR-KRR} f4 46. g3 fxg3 (46... R8c6 $15) 47. Rg2 $11 R8c6 {Black wants to play ...Rg6.} 48. Rxg3 Rg6 49. Rgh3 Rg2 50. Rc1 Rxc1+ 51. Kxc1 {KR-KR} Kf7 52. Rxh6 Kg7 53. Rh3 Kg6 54. a4 bxa3 55. Rxa3 h5 56. b4 h4 {And now ...Kg5 would win.} 57. b5 {Threatens to win with b6.} Rg3 58. Ra8 Rb3 59. Kd2 $2 {[%mdl 8192]} (59. Rb8 $11) 59... Rxb5 $19 60. Ke3 Rb3+ 61. Kf2 {[#]} Kf6 $2 ({Black should play} 61... Kg5 $1 $19 {...h3 is the strong threat.} 62. Rf8 h3 63. Rg8+ Kf4) 62. Rg8 h3 63. Rg4 $1 h2 64. Kg2 {[#]} Rh3 $1 {[%mdl 512]} 65. Kh1 (65. Kxh3 h1=Q+) 65... Rh6 66. Rg2 Rh4 67. Rxh2 Rg4 68. Rg2 Rxe4 69. Kg1 Ke6 70. Kf2 {The position is equal.} Kd5 71. Rg3 Kd4 72. Ra3 Kd5 {Accuracy: White = 49%, Black = 41%.} 1/2-1/2

[Event "Accentus Young Masters 2019"]
[Site "Bad Ragaz"]
[Date "2019.03.05"]
[Round "7.1"]
[White "Horvath, Dominik"]
[Black "Wagner, Dennis"]
[Result "1/2-1/2"]
[WhiteElo "2419"]
[BlackElo "2587"]
[Annotator "TA"]
[PlyCount "175"]
[EventDate "2019.02.27"]
[EventType "tourn"]
[EventCountry "SUI"]
[SourceTitle "playchess.com"]
[Source "ChessBase"]
[SourceQuality "1"]

{[%evp 11,175,0,5,-15,-12,-13,14,0,10,0,0,0,24,31,27,25,36,30,31,26,27,29,63,-15,66,72,67,70,70,0,0,0,0,0,0,0,5,5,63,-20,-22,-22,-27,-177,-162,-157,-146,-212,-207,-291,-286,-235,-279,-230,-236,-218,-217,-249,-224,-257,-271,-372,-203,-202,-100,-106,-107,-197,-182,-266,-266,-425,-361,-487,-490,-488,-485,-480,-470,-468,-458,-1352,-4827,-1510,0,-1407,-1334,-29984,-29985,-29991,-33,-33,-33,-33,-33,-33,0,0,0,-33,-33,-40,-40,-40,-40,-40,-40,-40,-40,-33,-33,-33,-33,-45,-45,-45,-45,-68,-68,-68,-68,-68,-68,-68,-68,-68,-76,-76,-14,-15,0,-45,-45,-90,-90,-91,-41,-41,0,-90,-90,-160,-161,-239,-239,-239,-239,-239,-239,-239,-239,-239,-239,-239,-239,-239,-239,-239,0,-239,-239,-239,-239,-239,-239,-239]} 1. Nf3 g6 2. c4 Bg7 3. Nc3 c5 4. g3 Nc6 5. Bg2 d6 6. O-O e5 7. b3 {A37: Symmetrical English vs ...g6: 4 Bg2 Bg7 5 Nf3} Nge7 8. Bb2 h6 9. d3 {The position is equal.} O-O 10. Nd2 Be6 11. a3 d5 12. cxd5 $146 ({Predecessor:} 12. Qc2 b6 13. Rfb1 d4 14. Na2 a5 15. Bc1 Qd7 16. b4 axb4 17. axb4 cxb4 {0-1 (39) Radjabov,T (2793)-Grischuk,A (2764) Beijing 2012}) 12... Nxd5 13. Rc1 Nxc3 14. Rxc3 Qb6 15. Ne4 c4 16. dxc4 Rad8 17. Qe1 ({White should play} 17. Rd3 $14) 17... f5 ({Better is} 17... Nd4 $1 $11) 18. Nd6 $14 e4 (18... Rxd6 $6 19. c5 $18) 19. c5 Qa6 20. Kh1 (20. Qd2 $14) 20... b6 $36 {[%mdl 2048] Black has the initiative.} 21. b4 bxc5 22. bxc5 Rb8 23. Ba1 Nd4 24. Rc1 Qxa3 (24... Nxe2 $6 25. Bxg7 Kxg7 26. Rc2 $16) (24... Qxe2 $11 25. c6 Qxe1 26. Rfxe1 Rbd8 27. Bxd4 Bxd4) 25. Bxd4 (25. f3 $14) 25... Bxd4 26. Qd2 {[%mdl 64] Double Attack} Bg7 27. f3 (27. g4 $11) 27... e3 $1 $19 {[%cal Re3d2]} 28. Qd1 Rb4 $1 {[%cal Bb8b4,Bb4d4,Bd4d2][%mdl 32]} 29. f4 (29. Qe1 $17) 29... Rd4 30. Qe1 (30. Qc2 $142 Rd2 31. Qb1) 30... Rd2 31. Bf3 Qb4 32. Nb7 a5 33. c6 a4 34. c7 a3 35. Nd8 Bc8 36. Rc2 Qd6 (36... Kh7 $142 37. Nc6 Qd6) 37. Qb1 {next Rc6 is good for White.} Bb2 (37... Kh7 $19 {and Black stays clearly on top.} 38. Qb3 Rxc2 39. Qxc2 Qd2) 38. Rc6 $17 Qb4 39. Qa2+ (39. Rxg6+ $2 Kh7 $19) (39. g4 $17 {might work better.} Kh7 40. Ne6) 39... Kh7 $19 40. Ne6 (40. Kg1 $142) 40... Rf6 41. Nd8 (41. Rc4 {only move.} Qa5 42. Rc5) 41... Bd4 42. Qd5 a2 43. Rxf6 Bxf6 44. Qf7+ Bg7 45. Ne6 {[%csl Ge6][%cal Rf7g7]} Rd7 46. Qe8 (46. Nf8+ $142 Qxf8 47. Qxa2) 46... Qb1 $1 {[%cal Rb1f1]} (46... a1=R $2 47. Rxa1 Rxc7 48. Nxc7 $18 (48. Nxg7 Qc3 $16)) 47. Rxb1 axb1=Q+ 48. Kg2 Qe1 $1 49. Qxc8 Rd1 $1 {[%csl Gd1][%cal Re1f1]} ({Inferior is} 49... Qf2+ 50. Kh3 $11) 50. g4 Qf1+ $2 (50... Qh4 $1 {mates} 51. Nf8+ Bxf8 52. Qd7+ {[%mdl 64] Decoy} Rxd7 53. c8=Q Rd1 54. Qc7+ Bg7 55. Qc1 Rxc1 56. g5 Rg1+ $1 {[%mdl 576] Decoy, Back Rank} 57. Kxg1 Qf2+ 58. Kh1 Qf1#) 51. Kg3 $15 Qf2+ 52. Kh3 fxg4+ 53. Bxg4 {Threatens to win with Bf3.} Qf1+ 54. Kg3 Qf2+ 55. Kh3 Rh1 {[%csl Gf2][%cal Rh1h2] [#]} 56. Qg8+ $1 {[%mdl 576] Decoy} Kxg8 {[%csl Gf2][%cal Rh1h2]} 57. c8=Q+ Kh7 {[%csl Gf2][%cal Rh1h2]} 58. Nf8+ Bxf8 $1 {[%csl Gf2][%cal Rh1h2]} 59. Qb7+ Bg7 {[%csl Gf2][%cal Rh1h2]} ({Avoid the trap} 59... Be7 $2 60. Qxe7+ Kh8 61. Qe8+ Kg7 62. Qe5+ Kh7 63. Qe7+ Kh8 64. Qf8+ Kh7 65. Qf7+ Kh8 66. Qf8+ Kh7 67. Qf7+ Kh8 68. Qf8+ $18) 60. Qxh1 Qxf4 61. Qf3 Qg5 62. Qf7 h5 {[%csl Gh5][%cal Rg5g4]} 63. Bf3 Kh6 64. Qd5 Be5 65. Qf7 $1 Bd6 66. Qe8 $1 {[%cal Re8h8]} Qf5+ 67. Kg2 Be5 $1 68. Qa4 $1 Qg5+ 69. Kh1 Bf4 ({Black should try} 69... Qf6 $17 {Strongly threatening ...g5.} 70. Qe4 Bf4) 70. Qd4 $11 {[%cal Rd4h8]} Be5 71. Qb4 Qf6 72. Qe4 Bf4 73. Qa8 Bd6 74. Qe4 Bf4 75. Qa8 $1 g5 {White must now prevent ...g4.} 76. Qc6 {[#]} (76. Qe8 $142) 76... Bd6 $1 $17 {( -> ...Qf4)} 77. Qe8 (77. Qc1 {was worth a try.}) 77... g4 $19 78. Qxe3+ Bf4 79. Qe4 gxf3 80. Qxf3 Qd4 81. Kg2 Bd6 {And now ...Kg5 would win.} 82. Kh3 Qe5 {[%csl Gd6][%cal Re5h2]} 83. Qf2 Kh7 {Hoping for ...Kh6.} 84. Qf7+ Kh6 {[%csl Gd6][%cal Re5h2]} 85. Qf2 Qg5 {[%csl Gh5][%cal Rg5g4] Black is clearly better.} 86. Qf3 Qg6 (86... Qe5 $2 87. Qf2 $19) 87. Qe3+ Kh7 {[%csl Gh5][%cal Rg6g4]} 88. Qd3 {Accuracy: White = 53%, Black = 61%.} 1/2-1/2

[Event "Accentus Young Masters 2019"]
[Site "Bad Ragaz"]
[Date "2019.03.05"]
[Round "7.2"]
[White "Engel, Luis"]
[Black "Stijve, Theo"]
[Result "1-0"]
[WhiteElo "2469"]
[BlackElo "2333"]
[Annotator "TA"]
[PlyCount "79"]
[EventDate "2019.02.27"]
[EventType "tourn"]
[EventCountry "SUI"]
[SourceTitle "playchess.com"]
[Source "ChessBase"]
[SourceQuality "1"]

{[%evp 18,78,30,16,29,29,18,13,15,16,28,19,18,18,18,15,21,29,11,12,1,13,9,17,20,11,98,95,107,77,71,97,93,71,331,77,109,76,193,201,670,704,821,806,705,693,665,651,29973,29975,29968,29967,29966,29969,29982,29983,29990,29951,29993,29994,29997,29998,29999]} 1. e4 c5 2. Nf3 e6 3. d4 cxd4 4. Nxd4 Nc6 5. Nc3 Qc7 6. Be2 a6 7. O-O Nf6 8. Be3 Bb4 9. Nxc6 bxc6 10. f4 Bxc3 {B49: Sicilian: Taimanov: 5 Nc3 Qc7 6 Be3 a6 7 Be2} (10... O-O 11. e5 Bxc3 12. bxc3 Nd5 13. Bc5 Nxc3 14. Qd3 Nxe2+ 15. Qxe2 Re8 16. Rf3 Rb8 17. c4 d5 18. exd6 {1-0 (34) Sengupta,D (2551)-Perunovic,M (2627) Warsaw 2016}) 11. bxc3 Nxe4 12. Bd3 Nf6 {The position is equal.} ({Of course not} 12... Nxc3 $6 13. Qg4 $16) 13. Qf3 d6 14. Rab1 Nd7 $146 ({Predecessor:} 14... Bd7 15. Bb6 Qc8 16. Bd4 Ke7 17. c4 Qc7 18. c5 {½-½ (72) Farahat,A (2389)-Wang,C (2500) Tsaghkadzor 2015}) 15. Bd4 e5 16. fxe5 Nxe5 17. Qh5 Bg4 18. Qg5 f6 $132 {[%mdl 2048] Black is not holding back} 19. Qh4 {Strongly threatening Bxe5.} h5 20. h3 Be6 21. a4 {[%cal Ba2a4,Ba4a5][%mdl 32]} Kf7 {[#]} (21... Nxd3 $11 22. cxd3 O-O) 22. a5 $1 $16 {[%mdl 1536] White has strong compensation.} Rh6 (22... Qxa5 23. Rb7+) 23. Bb6 Qc8 24. Be3 Rh8 25. Bg5 {[%cal Rg5f6] And now Bxf6! would win.} Ra7 $2 {[%mdl 8192] [#]} (25... Nd7 $16) 26. Qf2 $2 (26. Bxf6 $1 $18 {[%mdl 512]} gxf6 27. Rxf6+ Kg8 28. Qd4) 26... c5 27. Rb6 {[%cal Rg5f6] Black must now prevent Bxf6!} Rd8 {[#]} (27... Nxd3 $16 28. cxd3 Rd8) 28. Bxa6 $1 $18 {[%mdl 512]} Qd7 $2 {[#]} (28... Rxa6 29. Bxf6 Rd7) 29. Bxf6 $1 {[%mdl 512]} gxf6 30. Qxf6+ Kg8 31. Qg5+ {[%mdl 64] Double Attack} Kh8 32. Rf6 {Rh6+ would kill now.} Nf7 33. Qxh5+ {White mates.} Kg7 34. Qg6+ Kf8 35. Rxe6 Re8 36. Rf6 Qa4 37. Rbxd6 Qa1+ 38. Kh2 Qxc3 39. Qh6+ Ke7 40. Rfe6# {Accuracy: White = 69%, Black = 26%.} 1-0

[Event "Accentus Young Masters 2019"]
[Site "Bad Ragaz"]
[Date "2019.03.05"]
[Round "7.3"]
[White "Kurmann, Oliver"]
[Black "Petrov, Nikita"]
[Result "0-1"]
[WhiteElo "2454"]
[BlackElo "2585"]
[Annotator "TA"]
[PlyCount "106"]
[EventDate "2019.02.27"]
[EventType "tourn"]
[EventCountry "SUI"]
[SourceTitle "playchess.com"]
[Source "ChessBase"]
[SourceQuality "1"]

{[%evp 10,106,39,19,36,38,37,21,25,15,17,17,20,14,14,22,14,15,16,0,0,-25,-30,-50,-42,-57,0,-41,-39,-34,-34,-45,-41,-39,-38,-55,-55,-55,-3,-14,0,-55,-11,-10,-21,-8,0,0,0,0,0,0,0,0,0,0,0,0,0,0,0,0,0,0,38,0,0,0,27,-318,-335,-319,-325,-313,-329,-305,-295,-382,-382,-512,-487,-666,-666,-666,-666,-666,-666,-666,-666,-666,-666,-666,-666,-1089,-1030,-5085,-5084,-5073,-5069]} 1. e4 e5 2. Nf3 Nc6 3. Bc4 Nf6 4. d3 h6 5. O-O d6 6. c3 g5 {C55: Two Knights: 4 d3, 4 d4 exd4 5 e5 and Max Lange Attack} 7. Nbd2 Bg7 8. Bb3 O-O {The position is equal.} 9. Nc4 Be6 10. a4 $146 ({Predecessor:} 10. Re1 Re8 11. a4 d5 12. Ncxe5 Nxe5 13. Nxe5 dxe4 14. d4 {0-1 (26) Ganguly,S (2615)-Mamedyarov,S (2817) Kolkata 2018}) 10... a5 11. h3 Qd7 12. Re1 Rfe8 13. Bd2 Rad8 14. Qc2 Nh5 15. Rad1 d5 16. exd5 Bxd5 17. Nh2 $1 f5 ({Black should play} 17... b6 $15) 18. Na3 Nf6 19. Bxd5+ Qxd5 20. Bc1 Qf7 21. Nb5 Rd7 22. d4 e4 23. f3 Rde7 (23... Ne7 $15) 24. fxe4 Nxe4 25. Be3 (25. Nf1 $11) 25... Ng3 26. Bf2 $1 {[%cal Rf2g3]} Ne2+ 27. Kh1 {[#] aiming for d5.} g4 $1 {[%mdl 512] [#]} 28. Nxc7 $1 {[%mdl 512]} (28. hxg4 fxg4) 28... Ncxd4 (28... Rxc7 29. Rxe2) 29. cxd4 Rxc7 30. Qd3 Rce7 {And now ...g3! would win.} 31. hxg4 fxg4 32. Nxg4 Re4 33. Rd2 $1 {[%cal Rd2e2]} Nf4 34. Qf1 Qh5+ 35. Nh2 Ne2 $36 {[%mdl 2048] Black is more active.} 36. Rd3 $1 Qf5 {[%cal Re2d4]} 37. Rf3 Qd5 38. Rh3 Qc4 39. Nf3 $2 {[%mdl 8192] [#]} (39. b3 $11 Qa6 40. d5) 39... Ng3+ $1 $19 {[%mdl 576] Discovered Attack} 40. Rxg3 (40. Bxg3 Rxe1) 40... Rxe1 41. Qxe1 Rxe1+ 42. Bxe1 Qxa4 43. Rg6 Qb5 44. Re6 Qxb2 {Black is clearly winning.} 45. Bxa5 Qa2 {[%mdl 64] Double Attack} 46. Re8+ Kf7 47. Ra8 {[#]} b6 $1 {[%mdl 512]} 48. Ra7+ (48. Bxb6 Qxa8) 48... Kg8 49. Bxb6 Qb1+ {[%mdl 64] Double Attack} 50. Kh2 Qxb6 {[%mdl 64] Double Attack} 51. Ra2 Qb8+ 52. Kh3 Qf4 53. Ra8+ Bf8 {Accuracy: White = 44%, Black = 70%.} 0-1

[Event "Accentus Young Masters 2019"]
[Site "Bad Ragaz"]
[Date "2019.03.05"]
[Round "7.4"]
[White "Yankelevich, Lev"]
[Black "Albornoz Cabrera, Carlos Daniel"]
[Result "1-0"]
[WhiteElo "2445"]
[BlackElo "2577"]
[Annotator "TA"]
[PlyCount "91"]
[EventDate "2019.02.27"]
[EventType "tourn"]
[EventCountry "SUI"]
[SourceTitle "playchess.com"]
[Source "ChessBase"]
[SourceQuality "1"]

{[%evp 17,91,41,42,51,30,35,18,19,18,21,20,31,61,20,33,14,72,50,50,49,52,50,55,40,31,47,85,90,84,92,117,60,82,81,65,44,102,102,104,113,101,114,135,132,176,152,187,180,178,179,206,196,198,207,206,191,193,197,196,191,327,320,314,299,337,334,553,541,543,529,584,820,584,584,618,584]} 1. c4 Nf6 2. Nc3 g6 3. e4 d6 4. d4 Bg7 5. Be2 O-O 6. Be3 Na6 7. Nf3 e5 8. O-O Ng4 9. Bg5 Qe8 10. Re1 {E94: King's Indian: Classical: 6 Be2 e5 7 0-0: Various Black 7th moves} exd4 11. Nxd4 Qe5 12. Nf3 $1 {[%cal Rf3e5] The position is equal.} Qc5 13. Bh4 Be6 14. Rc1 {[%cal Ba1c1,Bc1c3,Bc3b3][%mdl 32]} Bh6 {[#]} 15. Nd5 $146 ({Predecessor:} 15. Rb1 Ne5 16. Nd5 Nxf3+ 17. Bxf3 Bg7 {½-½ (63) Wen,Y (2569)-Saric,I (2638) Biel 2012}) 15... Bxd5 16. exd5 Rae8 (16... Bxc1 $11 17. Qxc1 f6) 17. Rc3 Bg7 {And now ...Bf6 would win.} 18. Rb3 {aiming for Rb5.} Ne5 19. Nxe5 Bxe5 20. Rxb7 Qd4 21. Bg5 Rb8 22. Rxb8 Rxb8 23. b3 $36 {[%mdl 2048] White has strong initiative.} Qb2 24. Qd2 (24. Bf1 $16) 24... Nb4 $14 25. Qxb2 Bxb2 26. Rb1 Be5 ({Better is} 26... Bc3 $14) 27. a3 $16 Nc2 {[#]} 28. Bc1 $1 Bc3 29. b4 Re8 30. Kf1 f5 31. Bb2 Bd4 32. Bxd4 Nxd4 $18 {[%mdl 4096] Endgame KRB-KRN} 33. Bd3 f4 34. Rd1 f3 {[#]} 35. Bxg6 $1 {[%mdl 576] Discovered Attack} hxg6 36. Rxd4 fxg2+ 37. Kxg2 {KR-KR} Re1 38. c5 Rc1 (38... Ra1 {was worth a try.} 39. Rd3 Kf7) 39. cxd6 cxd6 40. b5 Rc5 41. a4 {[%cal Ba3a4,Ba4a5][%mdl 32]} Kf7 $2 (41... Rc1 {might work better.} 42. Rb4 Kf7) 42. Rh4 {White is clearly winning.} Kg7 43. Rb4 Rxd5 44. a5 Rg5+ 45. Kf3 Rf5+ 46. Ke4 {Accuracy: White = 78%, Black = 48%.} 1-0